000 00310nam a2200133Ia 4500
005 20251222144909.0
008 251222s9999||||xx |||||||||||||| ||spa||
020 _a88-17-00536-3
082 _a288.7/A62
100 _aAntonini, Luca
245 0 _aUn "io" per lo sviluppo
264 _bRCS Libri
942 _cLIB
999 _c22257
_d22257